Enciclopediae seu scientia universalis concionatorum hoc est, sermones doctissimi tam singulas ferias quadragesimales, ...

Detalles Bibliográficos
Autor principal: BIÑINE VENETO, Mario
Formato: Libro
Publicado: Colonia 1663
Materias:
Colección:Banco de datos
Acervo:Biblioteca del Museo Regional de Querétaro. INAH. Querétaro
Descripción Física:1a. parte
Tema general:Obras Generales
Notas:Mala. 1N6, 24.
LEADER 00766nam a22002050004500
035 |a 22626 
036 |a 1111 
100 1 |a BIÑINE VENETO, Mario 
245 1 0 |a Enciclopediae seu scientia universalis concionatorum hoc est, sermones doctissimi tam singulas ferias quadragesimales, ... 
260 |a Colonia  |b Juan Baseo imp.  |c 1663 
300 |a 1a. parte 
500 |a Mala. 1N6, 24. 
650 1 0 |a Obras Generales 
949 |a C.R.Q. 
959 |a Ex convento Grande de San Francisco de la ciudad de Querétaro, Museo Regional de Querétaro  |b CCC2 
960 |a Convento Grande de San Francisco de la ciudad de Querétaro  |b DD68 
961 |a Franciscana  |b OF 
942 |c C.R.Q. 
943 |g Biblioteca del Museo Regional de Querétaro. INAH. Querétaro 
999 |c 978942  |d 978942